KOHA-Header-6

Mukhzin e Adab (Record no. 2820)

000 -LEADER
fixed length control field 00266nam a2200109Ia 4500
008 - FIXED-LENGTH DATA ELEMENTS--GENERAL INFORMATION
fixed length control field 190902s9999||||xx |||||||||||||| ||und||
100 ## - MAIN ENTRY--PERSONAL NAME
Personal name Katchi,Haji Essa
245 #0 - TITLE STATEMENT
Title Mukhzin e Adab
260 ## - PUBLICATION, DISTRIBUTION, ETC. (IMPRINT)
Place of publication, distribution, etc karachi
Name of publisher, distributor, etc subha taseenf o taleef
Date of publication, distribution, etc 2015
300 ## - PHYSICAL DESCRIPTION
Extent 343p.:
942 ## - ADDED ENTRY ELEMENTS (KOHA)
Koha item type Books
Holdings
Withdrawn status Lost status Source of classification or shelving scheme Damaged status Not for loan Collection code Permanent Location Current Location Shelving location Date acquired Full call number Barcode Date last seen Price effective from Koha item type
          Urdu Literature MAJU MAJU   2019-09-02 891.439 6481 2019-09-02 2019-09-02 Urdu Literature

Powered by Koha